MARC

LEADER 00000nam0a2200000 4500
001 104031
005 20231031113836.0
035 |a (RuTPU)RU\TPU\book\112142 
090 |a 104031 
100 |a 20061025d1978 km y0rusy50 ca 
101 0 |a rus 
102 |a RU 
105 |a a z 001zy 
200 1 |a Процессы жидкостной экстракции и ионообменной сорбции в цветной металлургии  |f М. А. Меретуков 
210 |a Москва  |c Металлургия  |d 1978 
215 |a 119 с.  |c ил. 
225 1 |a Библиотечка рабочего цветной металлургии 
320 |a Библиогр.: с. 119-120. 
610 1 |a металлургия 
610 1 |a цветная металлургия 
610 1 |a жидкостная экстракция 
610 1 |a ионообменная сорбция 
610 1 |a сорбционные процессы 
610 1 |a экстракция 
610 1 |a аппаратура 
610 1 |a техника безопасности 
675 |a 669.2.06  |v 3 
675 |a 669.2.08  |v 3 
700 1 |a Меретуков  |b М. А.  |g Марат Ахмедович 
801 1 |a RU  |b 63413507  |c 20061025  |g PSBO 
801 2 |a RU  |b 63413507  |c 20070428  |g PSBO 
942 |c BK